000 00329nam a2200133Ia 4500
008 240624s9999 xx 000 0 und d
041 _aeng
082 _a823 BOS
100 _aBOSE BUDDHADEVA
245 _aWHEN THE TIME IS RIGHT
260 _c2011
_aNew Delhi
_bPenguin India
300 _a543 : p. : cm. ; 21
365 _cRS
_b25
999 _c20031
_d20031